000
00309nam a2200133Ia 4500
008
240624s9999 xx 000 0 und d
041
_a
eng
082
_a
658.155 IIB
100
_a
IIBF
245
_a
RISK MANAGEMENT
260
_c
2007
_a
New Delhi
_b
Macmillan
300
_a
345 : p. : cm. ; 24
365
_c
RS
_b
30
999
_c
9609
_d
9609